La justicia comercial en el reino de Chile: notas para su estudio
-д хадгалсан:
| Үндсэн зохиолч: | |
|---|---|
| Формат: | Ном |
| Хэл сонгох: | испани |
| Хэвлэсэн: |
Santiago
Universidad Católica de Chile
1955
|
| Цуврал: | Estudios de Historia del Derecho Chileno, 4
|
| Нөхцлүүд: | |
| Шошгууд: |
Шошго нэмэх
Шошго байхгүй, Энэхүү баримтыг шошголох эхний хүн болох!
|
MARC
| LEADER | 00000nam a2200000 a 4500 | ||
|---|---|---|---|
| 001 | UCL4299 | ||
| 003 | CL-VaPUC | ||
| 008 | 040109e19550000CL |||||||||||||||||spa|d | ||
| 082 | 0 | 4 | |a 346.8307 |b RIV |2 21 |
| 100 | 0 | |a Riveaux Villalobos, Sergio |e author |9 481786 | |
| 245 | 1 | 3 | |a La justicia comercial en el reino de Chile: notas para su estudio |
| 300 | |a 97 p | ||
| 942 | |c BK | ||
| 945 | |d 20040109 00:00:00 |a cmena | ||
| 260 | |a Santiago |b Universidad Católica de Chile |c 1955 | ||
| 650 | 0 | |a Derecho comercial |9 256340 | |
| 650 | 0 | |a Derecho civil chileno |9 320612 | |
| 583 | |a last modification |c 20040109 00:00:00 |k Rodrigo Vera | ||
| 490 | 0 | |a Estudios de Historia del Derecho Chileno, 4 | |
| 999 | |c 307176 |d 307174 | ||
| 952 | |0 0 |1 0 |2 ddc |4 0 |6 346_830700000000000_RIV_1955 |7 0 |8 A |9 372887 |a BIBDER |b BIBDER |d 2019-11-21 |i 3974871 |o 346.8307 RIV 1955 |p 3974871 |r 2023-01-25 |w 2019-11-21 |y MX |k DER | ||